| 000 | 00706nam a2200217Ia 4500 | ||
|---|---|---|---|
| 001 | 953 | ||
| 003 | GE_BSU | ||
| 008 | 181216s||||||||xx |||||||||||||| ||und|| | ||
| 040 | _cGE_BSU | ||
| 080 | _a332.12(075ю8)+327(075.8)+91(075.8) | ||
| 100 | _aИванова,М.В;Штанько,М.А; | ||
| 245 | _aВведение в регионоведение.Методы регионоведческих исспедовании. | ||
| 245 | _bУчебное пособие. | ||
| 260 | _aТомск | ||
| 260 | _bТомского политехнич ин-та | ||
| 260 | _c2007 | ||
| 300 | _a980 с. | ||
| 541 | _h6 л. | ||
| 653 | _aВведение в регионоведение. | ||
| 942 | _cBK | ||
| 999 |
_c35112 _d35112 |
||